[Event "Pere Noel"]
[Site "Montreal CAN"]
[Date "2013.12.26"]
[Round "1"]
[White "Luksza, Arkadiusz"]
[Black "Ming, Wenyang"]
[Result "1-0"]
[WhiteElo "2147"]
[BlackElo "1822"]
[PlyCount "105"]
[GameId "2160767909212152"]
[EventDate "2013.12.26"]
[EventType "swiss"]
[EventRounds "5"]
[EventCountry "CAN"]
[SourceTitle "hb 2013"]

1. d4 Nf6 2. c4 c5 3. d5 b5 4. cxb5 a6 5. b6 d6 6. Nc3 Nbd7 7. Nf3 Rb8 8. e4 g6 9. Nd2 Rxb6 10. Nc4 Rb4 11. a3 Rb8 12. Be2 Bg7 13. O-O O-O 14. Bf4 Ne8 15. Qd2 Nb6 16. Ne3 Nc7 17. Rfd1 Nb5 18. Nxb5 axb5 19. Bxb5 Nxd5 20. Nxd5 Rxb5 21. Nc3 Rb6 22. e5 Re8 23. a4 Ba6 24. a5 Rc6 25. Ne4 Bf8 26. Bg5 Qb8 27. exd6 Rd8 28. Qe3 Rdxd6 29. Nxd6 exd6 30. Be7 Bg7 31. Qf3 Qc7 32. Bf6 Bf8 33. Re1 Qd7 34. h4 d5 35. h5 gxh5 36. Re5 h6 37. Rxd5 Rd6 38. Rxd6 Bxd6 39. Qxh5 Kh7 40. Rd1 Bc4 41. Be5 Be6 42. Rxd6 Qe7 43. a6 c4 44. Bf4 c3 45. bxc3 Qf6 46. Rxe6 fxe6 47. Qxh6+ Qxh6 48. Bxh6 e5 49. a7 e4 50. a8=Q e3 51. Bxe3 Kg6 52. Qf8 Kh7 53. Qf7+ 1-0

[Event "Pere Noel"]
[Site "Montreal CAN"]
[Date "2013.12.26"]
[Round "1"]
[White "Ma, Indy"]
[Black "Boudreau, Daniel"]
[Result "0-1"]
[WhiteElo "1726"]
[BlackElo "2056"]
[PlyCount "38"]
[GameId "2160767909212154"]
[EventDate "2013.12.26"]
[EventType "swiss"]
[EventRounds "5"]
[EventCountry "CAN"]
[SourceTitle "hb 2013"]

1. d4 Nf6 2. c4 e6 3. Nf3 c5 4. Nc3 cxd4 5. Nxd4 Bb4 6. Bd2 O-O 7. e3 d5 8. cxd5 Nxd5 9. Rc1 a6 10. Be2 e5 11. Nf3 Nxc3 12. Bxc3 Bxc3+ 13. Rxc3 Qe7 14. O-O Nc6 15. Qc2 g6 16. a3 Bf5 17. e4 Bg4 18. Ne1 Nd4 19. Rc7 Qd6 0-1

[Event "Pere Noel"]
[Site "Montreal CAN"]
[Date "2013.12.26"]
[Round "1"]
[White "Masse, Hugues"]
[Black "Dumouchel, Alain"]
[Result "1-0"]
[WhiteElo "2244"]
[BlackElo "1908"]
[PlyCount "73"]
[GameId "2160767909212155"]
[EventDate "2013.12.26"]
[EventType "swiss"]
[EventRounds "5"]
[EventCountry "CAN"]
[SourceTitle "hb 2013"]

1. d4 Nf6 2. c4 g6 3. g3 Bg7 4. Bg2 O-O 5. Nc3 d6 6. Nf3 Nc6 7. O-O a6 8. Qd3 Rb8 9. d5 Nb4 10. Qd1 a5 11. e4 Bg4 12. h3 Bxf3 13. Bxf3 Nd7 14. a3 Na6 15. Be3 Qc8 16. Kh2 c6 17. Bd4 Ne5 18. Be2 b5 19. cxb5 cxb5 20. Nxb5 Nf3+ 21. Bxf3 Rxb5 22. Be2 Rb8 23. Bxg7 Kxg7 24. b4 axb4 25. axb4 Nxb4 26. Qd4+ Kg8 27. Rfc1 Nc2 28. Qa4 Rb2 29. Ra2 Qc5 30. Rxb2 Qxf2+ 31. Kh1 Nd4 32. Qc4 Qe3 33. Rc3 Qxe4+ 34. Kh2 f5 35. Rd2 f4 36. Qxd4 fxg3+ 37. Rxg3 1-0

[Event "Pere Noel"]
[Site "Montreal CAN"]
[Date "2013.12.26"]
[Round "1"]
[White "Nardone, Raul"]
[Black "Voskanyan, Vahagn"]
[Result "0-1"]
[WhiteElo "1900"]
[BlackElo "2215"]
[PlyCount "118"]
[GameId "2160767909212156"]
[EventDate "2013.12.26"]
[EventType "swiss"]
[EventRounds "5"]
[EventCountry "CAN"]
[SourceTitle "hb 2013"]

1. d4 d5 2. Nf3 Nf6 3. Bg5 Ne4 4. Bf4 Nd7 5. e3 c6 6. Bd3 Ndf6 7. O-O Bg4 8. Be2 Qb6 9. Qc1 e6 10. h3 Bh5 11. g4 Bg6 12. Ne5 Nd7 13. Nxg6 hxg6 14. f3 g5 15. Bh2 Nd6 16. a4 Rxh3 17. a5 Qc7 18. Rf2 Be7 19. c4 dxc4 20. Bxc4 Qd8 21. Bf1 Rh6 22. Nc3 Rc8 23. Qd2 Nf8 24. Be5 f6 25. Bg3 Nf7 26. Rh2 Rxh2 27. Qxh2 Bd6 28. Ne4 Bxg3 29. Qxg3 Qc7 30. Qh3 Rd8 31. b4 a6 32. Rc1 Qe7 33. Nc5 e5 34. d5 Rxd5 35. Bc4 Rd2 36. Qh5 g6 37. Bxf7+ Kxf7 38. Qh3 Kg7 39. Qf1 Ne6 40. Ne4 Rd5 41. Qc4 Rb5 42. Rd1 Nc7 43. Nc5 Nd5 44. e4 Ne3 45. Qxb5 cxb5 46. Rd7 Qxd7 47. Nxd7 Nc2 48. Nc5 Nxb4 49. Nxb7 Nc6 50. Kf2 Kf7 51. Ke3 Ke7 52. Kd3 Kd7 53. Nc5+ Kd6 54. Nxa6 Nxa5 55. Nb4 Nc6 56. Nd5 f5 57. Nf6 f4 58. Nd5 Nd4 59. Nb6 Nxf3 0-1

[Event "Pere Noel"]
[Site "Montreal CAN"]
[Date "2013.12.26"]
[Round "1"]
[White "Saha, Ananda"]
[Black "Zhu, Hong Rui"]
[Result "0-1"]
[WhiteElo "1808"]
[BlackElo "2128"]
[PlyCount "62"]
[GameId "2160767909212157"]
[EventDate "2013.12.26"]
[EventType "swiss"]
[EventRounds "5"]
[EventCountry "CAN"]
[SourceTitle "hb 2013"]

1. d4 d5 2. c4 e6 3. Nc3 Be7 4. Nf3 Nf6 5. cxd5 exd5 6. Bg5 O-O 7. e3 c6 8. Qc2 Nbd7 9. Bd3 Re8 10. O-O Nf8 11. Rab1 a5 12. a3 Bd6 13. b4 Ng6 14. b5 h6 15. Bxf6 Qxf6 16. bxc6 bxc6 17. Qa4 Bg4 18. Nd2 Re6 19. g3 Rae8 20. Rb6 Bh3 21. Rc1 Nh4 22. Bf1 Bxf1 23. Nxf1 Qf3 24. gxh4 Rg6+ 25. Ng3 Bxg3 26. hxg3 Rxg3+ 27. fxg3 Qxg3+ 28. Kf1 Qf3+ 29. Kg1 Qxe3+ 30. Kg2 Qd2+ 31. Kg1 Qxc1+ 0-1

[Event "Pere Noel"]
[Site "Montreal CAN"]
[Date "2013.12.26"]
[Round "1"]
[White "Sprumont, Oscar"]
[Black "Sambuev, Bator"]
[Result "0-1"]
[WhiteElo "2029"]
[BlackElo "2588"]
[PlyCount "57"]
[GameId "2160767909212158"]
[EventDate "2013.12.26"]
[EventType "swiss"]
[EventRounds "5"]
[EventCountry "CAN"]
[SourceTitle "hb 2013"]

1. Nf3 d5 2. c4 e6 3. g3 dxc4 4. Qa4+ Nd7 5. Qxc4 a6 6. a4 b5 7. Qc6 Rb8 8. axb5 Bb7 9. Qc2 axb5 10. Bg2 Ngf6 11. O-O Be7 12. Nd4 c5 13. Nc6 Bxc6 14. Bxc6 Nd5 15. Bxd5 exd5 16. d4 cxd4 17. Qc6 O-O 18. Qxd5 Nc5 19. Qxd8 Rfxd8 20. Bf4 Rbc8 21. Ra7 Bf6 22. Na3 b4 23. Nb5 Ne6 24. Bd6 Rc2 25. b3 Rxe2 26. Rd1 g5 27. Kf1 Rb2 28. Rd3 g4 29. Rb7 0-1

[Event "Pere Noel"]
[Site "Montreal CAN"]
[Date "2013.12.26"]
[Round "1"]
[White "Tremblay, Alain"]
[Black "Brassard, Sylvain"]
[Result "1-0"]
[WhiteElo "2084"]
[BlackElo "1780"]
[PlyCount "60"]
[GameId "2160767909212159"]
[EventDate "2013.12.26"]
[EventType "swiss"]
[EventRounds "5"]
[EventCountry "CAN"]
[SourceTitle "hb 2013"]

1. d4 d5 2. e3 Nf6 3. Bd3 e6 4. Nf3 Nbd7 5. b3 c6 6. O-O Bd6 7. Bb2 O-O 8. Nbd2 b6 9. Ne5 Bb7 10. f4 c5 11. Qf3 Qc7 12. Nxd7 Qxd7 13. dxc5 d4 14. e4 bxc5 15. Qg3 Be7 16. Rae1 e5 17. fxe5 Nh5 18. Qf3 Bg5 19. Nc4 Nf4 20. Bc1 Nxd3 21. cxd3 Bxc1 22. Rxc1 f5 23. Qh3 g6 24. Nd6 Ba6 25. Rxc5 Qe7 26. exf5 Rxf5 27. Rxf5 gxf5 28. Qg3+ Kh8 29. Nxf5 Qf7 30. e6 Qg6 1-0

[Event "Pere Noel"]
[Site "Montreal CAN"]
[Date "2013.12.26"]
[Round "1"]
[White "Weston, Paul"]
[Black "Lawson, Eric"]
[Result "0-1"]
[WhiteElo "1968"]
[BlackElo "2381"]
[PlyCount "130"]
[GameId "2160767909208064"]
[EventDate "2013.12.26"]
[EventType "swiss"]
[EventRounds "5"]
[EventCountry "CAN"]
[SourceTitle "hb 2013"]

1. f4 Nf6 2. Nf3 e6 3. b3 b6 4. Bb2 Bb7 5. e3 c5 6. Be2 Be7 7. O-O O-O 8. c4 a6 9. a4 Nc6 10. Na3 Rc8 11. Nc2 Rc7 12. Nce1 Qa8 13. Ne5 d6 14. Nxc6 Bxc6 15. Bf3 d5 16. Nd3 Rd8 17. Ne5 Bb7 18. Qe1 Ne4 19. Bxe4 dxe4 20. Bc3 f6 21. Ng4 Rcd7 22. Qg3 Kh8 23. Rf2 Bc8 24. h3 Qc6 25. Nh2 Rd3 26. Nf1 b5 27. axb5 axb5 28. Ra7 R8d7 29. cxb5 Qxb5 30. Ra8 Qb7 31. Ra2 Qxb3 32. Rb2 Qd5 33. Qg4 Rb7 34. Rxb7 Qxb7 35. Ng3 Bd8 36. Qh5 Qe7 37. Nxe4 Bb7 38. Ng3 Rd5 39. Qd1 Kg8 40. Qc2 Ba6 41. d4 Bb6 42. Rd2 cxd4 43. Bxd4 Bxd4 44. Rxd4 Rxd4 45. exd4 Bb7 46. Qc4 Bd5 47. Qc8+ Kf7 48. Qb8 Qa3 49. Qc7+ Kg6 50. Qc2+ f5 51. Qf2 Qa1+ 52. Kh2 Kf6 53. Qe3 Qb2 54. Ne2 Be4 55. Kg3 Ke7 56. Kf2 Kd7 57. Qc3 Qb6 58. Ng1 Kd6 59. Nf3 Bxf3 60. gxf3 Kd5 61. Ke3 g6 62. h4 h6 63. Qd3 Qb2 64. Qd1 Qc3+ 65. Kf2 Qxd4+ 0-1

[Event "Pere Noel"]
[Site "Montreal CAN"]
[Date "2013.12.26"]
[Round "1"]
[White "Yu, Zong Yang"]
[Black "Perna-Fraser, David"]
[Result "1-0"]
[WhiteElo "2112"]
[BlackElo "1803"]
[PlyCount "65"]
[GameId "2160767909208065"]
[EventDate "2013.12.26"]
[EventType "swiss"]
[EventRounds "5"]
[EventCountry "CAN"]
[SourceTitle "hb 2013"]

1. d4 Nf6 2. c4 c5 3. Nf3 g6 4. Nc3 cxd4 5. Nxd4 Nc6 6. e4 d6 7. Be2 Bg7 8. Be3 O-O 9. O-O Ne8 10. Rc1 Bd7 11. Qd2 Nxd4 12. Bxd4 Bc6 13. b4 a6 14. a4 Bxd4 15. Qxd4 e5 16. Qe3 Nc7 17. b5 Bd7 18. Qb6 Ne8 19. Qxb7 Rb8 20. Qxa6 Ra8 21. Qb7 Be6 22. Rfd1 f6 23. c5 Rb8 24. Qa6 Nc7 25. Qxd6 Qc8 26. c6 Bb3 27. Rd2 Ne6 28. Qb4 Nd4 29. Rxd4 exd4 30. Qxb3+ Kh8 31. Nd5 Qe6 32. Qd3 Rfe8 33. Nc7 1-0

[Event "Pere Noel"]
[Site "Montreal CAN"]
[Date "2013.12.27"]
[Round "2"]
[White "Boudreau, Daniel"]
[Black "Masse, Hugues"]
[Result "0-1"]
[WhiteElo "2056"]
[BlackElo "2244"]
[PlyCount "82"]
[GameId "2160767909208066"]
[EventDate "2013.12.26"]
[EventType "swiss"]
[EventRounds "5"]
[EventCountry "CAN"]
[SourceTitle "hb 2013"]

1. e4 e6 2. d4 d5 3. e5 c5 4. c3 Nc6 5. Nf3 Bd7 6. Bd3 cxd4 7. cxd4 Qb6 8. O-O Nxd4 9. Nxd4 Qxd4 10. Nc3 a6 11. Qe2 Ne7 12. Kh1 Nc6 13. f4 Bc5 14. Bd2 Ba7 15. Rad1 g6 16. a3 Qb6 17. b4 Nd4 18. Qg4 Qd8 19. Be1 h5 20. Qh3 h4 21. a4 Qe7 22. Rb1 b5 23. axb5 Nxb5 24. Nxb5 Bxb5 25. Bxb5+ axb5 26. Ra1 Rb8 27. Ra5 Kf8 28. Rf3 Kg7 29. Qg4 Rbc8 30. Ra1 Rc4 31. h3 Bd4 32. Rd1 Bxe5 33. Rf2 Qc7 34. Bd2 Bf6 35. Qe2 Ra8 36. Rff1 Ra3 37. Rc1 Qc6 38. f5 exf5 39. Bf4 d4 40. Rcd1 Rxh3+ 41. Kg1 Rb3 0-1

[Event "Pere Noel"]
[Site "Montreal CAN"]
[Date "2013.12.27"]
[Round "2"]
[White "Brassard, Sylvain"]
[Black "Langlois-Remillard, Alexis"]
[Result "0-1"]
[WhiteElo "1780"]
[BlackElo "1919"]
[PlyCount "92"]
[GameId "2160767909208067"]
[EventDate "2013.12.26"]
[EventType "swiss"]
[EventRounds "5"]
[EventCountry "CAN"]
[SourceTitle "hb 2013"]

1. d4 Nc6 2. c4 d5 3. Nc3 dxc4 4. d5 Ne5 5. Nf3 Nxf3+ 6. exf3 Nf6 7. Bf4 g6 8. Bxc4 a6 9. Qb3 b5 10. Bxb5+ axb5 11. Nxb5 e5 12. dxe6 Bxe6 13. Qc3 Nd5 14. Qxh8 Nxf4 15. O-O Qg5 16. g3 Ne2+ 17. Kg2 Qxb5 18. Rfe1 O-O-O 19. a4 Qa6 20. Rad1 Be7 21. Rxd8+ Bxd8 22. Rd1 Bd7 23. Qe5 Bf6 24. Qd5 Be6 25. Qe4 Bxb2 26. Rd2 Nc3 27. Qb4 Ba1 28. Qf8+ Kb7 29. Qb4+ Qb6 30. Qa3 Qb1 31. a5 Bc4 32. h4 Qf1+ 33. Kh2 Be2 34. Qb4+ Kc6 35. Qf4 Qxf2+ 36. Kh3 Bf1+ 37. Kg4 h5+ 38. Kg5 Qc5+ 39. Kh6 Qf8+ 40. Kh7 Nd5 41. Qa4+ Kb7 42. Qxa1 Ne7 43. Qxf1 Qg8+ 44. Kh6 Qh8+ 45. Kg5 Qe5+ 46. Kh6 Nf5+ 0-1

[Event "Pere Noel"]
[Site "Montreal CAN"]
[Date "2013.12.27"]
[Round "2"]
[White "Dumouchel, Alain"]
[Black "Saha, Ananda"]
[Result "1-0"]
[WhiteElo "1908"]
[BlackElo "1808"]
[PlyCount "149"]
[GameId "2160767909208070"]
[EventDate "2013.12.26"]
[EventType "swiss"]
[EventRounds "5"]
[EventCountry "CAN"]
[SourceTitle "hb 2013"]

1. e4 c5 2. Nf3 e6 3. d4 cxd4 4. Nxd4 Nc6 5. Be2 Nf6 6. Nc3 d6 7. O-O Be7 8. Be3 O-O 9. f4 Nd7 10. Kh1 a6 11. Qe1 Bf6 12. Nxc6 bxc6 13. Rd1 Qc7 14. g4 Bb7 15. g5 Bxc3 16. Qxc3 d5 17. exd5 exd5 18. Kg1 Rac8 19. Bf3 f6 20. h4 Nb6 21. Bc1 Nc4 22. b3 Nd6 23. Ba3 Nb5 24. Bxd5+ cxd5 25. Qxc7 Rxc7 26. Bxf8 Kxf8 27. c4 Nc3 28. Rd3 d4 29. Re1 Rd7 30. a3 Be4 31. Rd2 d3 32. Kf2 f5 33. b4 Rc7 34. c5 Nb5 35. a4 Nd4 36. Rb2 Nf3 37. Rc1 d2 38. Rd1 Rd7 39. b5 axb5 40. axb5 Ke7 41. c6 Rd8 42. c7 Re8 43. b6 Kd7 44. Rb3 Kc6 45. Rxf3 Bxf3 46. Rxd2 Kxb6 47. Rd8 Re2+ 48. Kxf3 Kxc7 49. Rf8 Re7 50. Rxf5 Kd6 51. h5 Ra7 52. Rf8 Ke6 53. h6 gxh6 54. Rf6+ Ke7 55. Rxh6 Kf8 56. Rd6 Kg7 57. Ke4 Rb7 58. f5 Kf7 59. Rf6+ Kg8 60. Rd6 Ra7 61. Ke5 Kf7 62. Rd4 Rb7 63. Kd6 Ra7 64. Rc4 Ra6+ 65. Rc6 Ra5 66. Rc7+ Kg8 67. Ke6 Ra6+ 68. Ke7 h5 69. f6 Ra8 70. Ke6 Ra1 71. Kf5 Ra8 72. Kg6 h4 73. Rg7+ Kf8 74. Rh7 Ke8 75. Rh8+ 1-0

[Event "Pere Noel"]
[Site "Montreal CAN"]
[Date "2013.12.27"]
[Round "2"]
[White "Lawson, Eric"]
[Black "Yu, Zong Yang"]
[Result "1/2-1/2"]
[WhiteElo "2381"]
[BlackElo "2112"]
[PlyCount "56"]
[GameId "2160767909208071"]
[EventDate "2013.12.26"]
[EventType "swiss"]
[EventRounds "5"]
[EventCountry "CAN"]
[SourceTitle "hb 2013"]

1. e4 c5 2. Nf3 Nc6 3. Bb5 e6 4. Bxc6 bxc6 5. O-O d6 6. e5 d5 7. d3 Ne7 8. c4 Ng6 9. Nc3 f6 10. Re1 fxe5 11. Nxe5 Nxe5 12. Rxe5 Bd6 13. Re1 O-O 14. Qe2 Qh4 15. g3 Qh3 16. f4 Bd7 17. Nd1 Rae8 18. Nf2 Qf5 19. Bd2 e5 20. Qf3 exf4 21. gxf4 Rxe1+ 22. Rxe1 Bxf4 23. Bxf4 Qxf4 24. Qxf4 Rxf4 25. Re7 Rf7 26. Re5 Rf5 27. Re7 Rf7 28. Re5 Rf5 1/2-1/2

[Event "Pere Noel"]
[Site "Montreal CAN"]
[Date "2013.12.27"]
[Round "2"]
[White "Ming, Wenyang"]
[Black "Sprumont, Oscar"]
[Result "0-1"]
[WhiteElo "1822"]
[BlackElo "2029"]
[PlyCount "100"]
[GameId "2160767909208072"]
[EventDate "2013.12.26"]
[EventType "swiss"]
[EventRounds "5"]
[EventCountry "CAN"]
[SourceTitle "hb 2013"]

1. e4 e6 2. Nf3 d5 3. Nc3 Nf6 4. e5 Nfd7 5. d4 Be7 6. Bd3 c5 7. dxc5 Nxc5 8. Bf4 Nxd3+ 9. Qxd3 Bd7 10. h3 Nc6 11. a3 Na5 12. O-O a6 13. Rfd1 O-O 14. Nd2 Bg5 15. Bxg5 Qxg5 16. b4 Nc6 17. Nf3 Qd8 18. Ne2 b5 19. Nc1 f6 20. exf6 Qxf6 21. Nb3 Be8 22. Nc5 a5 23. Nxe6 Qxe6 24. Ng5 Qf5 25. Qxd5+ Qxd5 26. Rxd5 axb4 27. Ne6 Bf7 28. Rd6 Bxe6 29. Rxc6 Bf5 30. Rb6 Bxc2 31. Rxb5 bxa3 32. f4 a2 33. Rb2 Bb1 34. Kh2 Rxf4 35. Rbxb1 axb1=Q 36. Rxb1 Ra3 37. Rb8+ Kf7 38. h4 Rxh4+ 39. Kg1 Rg4 40. g3 Rgxg3+ 41. Kh1 Rgc3 42. Rb7+ Ke6 43. Rb1 g5 44. Re1+ Kf6 45. Rf1+ Kg6 46. Re1 Rc2 47. Rf1 Raa2 48. Re1 Rh2+ 49. Kg1 Rag2+ 50. Kf1 Rh1+ 0-1

[Event "Pere Noel"]
[Site "Montreal CAN"]
[Date "2013.12.27"]
[Round "2"]
[White "Nikulich, Oleksandr"]
[Black "Nardone, Raul"]
[Result "1-0"]
[WhiteElo "2085"]
[BlackElo "1900"]
[PlyCount "71"]
[GameId "2160767909208073"]
[EventDate "2013.12.26"]
[EventType "swiss"]
[EventRounds "5"]
[EventCountry "CAN"]
[SourceTitle "hb 2013"]

1. e4 c5 2. Ne2 e6 3. d4 cxd4 4. Nxd4 Nc6 5. Nc3 Qc7 6. Be2 a6 7. a4 Nf6 8. O-O Nxd4 9. Qxd4 Bc5 10. Qd3 h5 11. Qg3 Qxg3 12. hxg3 Ng4 13. Nd1 b6 14. Bxg4 hxg4 15. Be3 Rh5 16. Bxc5 Rxc5 17. Ne3 Bb7 18. f3 Rac8 19. c4 gxf3 20. gxf3 a5 21. Rad1 Ke7 22. Kg2 Rh8 23. b3 Rch5 24. Ng4 Rg5 25. Rd4 e5 26. Rd2 Bxe4 27. Nxe5 Rxe5 28. fxe4 Rxe4 29. Rfd1 Rd8 30. Rd5 Re3 31. Rb5 Re6 32. c5 bxc5 33. Rxc5 Rb8 34. Rd3 Reb6 35. Rc7 R8b7 36. Rdxd7+ 1-0

[Event "Pere Noel"]
[Site "Montreal CAN"]
[Date "2013.12.27"]
[Round "2"]
[White "Perna-Fraser, David"]
[Black "Weston, Paul"]
[Result "1/2-1/2"]
[WhiteElo "1803"]
[BlackElo "1968"]
[PlyCount "116"]
[GameId "2160767909208074"]
[EventDate "2013.12.26"]
[EventType "swiss"]
[EventRounds "5"]
[EventCountry "CAN"]
[SourceTitle "hb 2013"]

1. e4 c5 2. Nf3 Nc6 3. d4 cxd4 4. Nxd4 e5 5. Nb5 a6 6. Nd6+ Bxd6 7. Qxd6 Qf6 8. Qxf6 Nxf6 9. f3 d5 10. Nc3 dxe4 11. Nxe4 Nxe4 12. fxe4 Be6 13. c3 O-O-O 14. Be3 Kc7 15. Be2 f6 16. b3 Bf7 17. Rd1 Bg6 18. Bf3 Rxd1+ 19. Kxd1 Rd8+ 20. Ke2 Ne7 21. Rd1 Rxd1 22. Kxd1 b6 23. Kd2 Nc8 24. g4 h6 25. h4 Nd6 26. Kd3 a5 27. Bc1 Nb7 28. Ba3 Nc5+ 29. Bxc5 bxc5 30. a3 Kc6 31. b4 cxb4 32. cxb4 axb4 33. axb4 Bf7 34. Kc3 Be6 35. Be2 Kb6 36. Bd1 Bd7 37. Be2 Ba4 38. Kb2 Bc6 39. Bd3 Bd7 40. Be2 g6 41. Kc3 Bc8 42. Kb2 Kc7 43. Kc3 Kd6 44. Kb3 Bb7 45. Bd3 f5 46. gxf5 gxf5 47. exf5 e4 48. Be2 Ke5 49. Kc3 Kxf5 50. Kd4 Kf4 51. b5 Kg3 52. Ke3 Kxh4 53. Kf4 Kh3 54. Bd1 Kg2 55. Bc2 h5 56. Bxe4+ Bxe4 57. Kxe4 h4 58. b6 h3 1/2-1/2

[Event "Pere Noel"]
[Site "Montreal CAN"]
[Date "2013.12.27"]
[Round "2"]
[White "Prahov, Valentin"]
[Black "Chang, Michael"]
[Result "1-0"]
[WhiteElo "2205"]
[BlackElo "1792"]
[PlyCount "73"]
[GameId "2160767909208075"]
[EventDate "2013.12.26"]
[EventType "swiss"]
[EventRounds "5"]
[EventCountry "CAN"]
[SourceTitle "CBM 158 Extra"]
[Source "ChessBase"]
[SourceDate "2014.02.28"]
[SourceVersion "1"]
[SourceVersionDate "2014.02.28"]
[SourceQuality "1"]

1. e4 c6 2. d4 d5 3. exd5 cxd5 4. Bd3 Nc6 5. c3 Nf6 6. Bf4 Bg4 7. Qb3 Qd7 8. Nd2 e6 9. Ngf3 Be7 10. Ne5 Qc8 11. Nxg4 Nxg4 12. Nf3 a6 13. O-O O-O 14. Rfe1 Qd7 15. h3 Nf6 16. Re3 Bd6 17. Ne5 Bxe5 18. dxe5 Nh5 19. Bg5 h6 20. Qd1 hxg5 21. Qxh5 g6 22. Qxg5 Qe7 23. Qh6 d4 24. cxd4 Nxd4 25. Rae1 Rad8 26. Rg3 Nf5 27. Bxf5 exf5 28. e6 Rd6 29. exf7+ Qxf7 30. h4 Re8 31. Rxe8+ Qxe8 32. h5 Qe1+ 33. Kh2 Qe5 34. f4 Qg7 35. Qxg7+ Kxg7 36. Rxg6+ Rxg6 37. hxg6 1-0

[Event "Pere Noel"]
[Site "Montreal CAN"]
[Date "2013.12.27"]
[Round "2"]
[White "Procacci, Sergio"]
[Black "Heredia, Jose"]
[Result "1/2-1/2"]
[WhiteElo "2019"]
[BlackElo "1846"]
[PlyCount "88"]
[GameId "2160767909208076"]
[EventDate "2013.12.26"]
[EventType "swiss"]
[EventRounds "5"]
[EventCountry "CAN"]
[SourceTitle "hb 2013"]

1. e4 c6 2. d4 d5 3. e5 Bf5 4. Nc3 e6 5. g4 Bg6 6. Nge2 c5 7. Nf4 Nc6 8. Bb5 cxd4 9. Nxg6 hxg6 10. Qxd4 a6 11. Bxc6+ bxc6 12. Qa4 Qc7 13. Be3 Ne7 14. O-O-O Nc8 15. Rd3 Be7 16. g5 Kf8 17. Qf4 Rb8 18. Bd4 Rh5 19. Rg1 Kg8 20. Rf3 Bf8 21. Nd1 Qd7 22. Rg4 Qe8 23. Rh4 Ne7 24. Rfh3 Nf5 25. Rxh5 gxh5 26. Rxh5 g6 27. Rh3 c5 28. Bc3 d4 29. Be1 c4 30. c3 Rd8 31. cxd4 Rxd4 32. Qf3 Qd8 33. Ne3 Qxg5 34. Bd2 Qg1+ 35. Kc2 Rd3 36. Bc3 Bb4 37. Qa8+ Bf8 38. Qf3 Bb4 39. Qa8+ Bf8 40. Rh8+ Kxh8 41. Qxf8+ Kh7 42. Qxf7+ Kh6 43. Qf8+ Kh7 44. Qf7+ Kh6 1/2-1/2

[Event "Pere Noel"]
[Site "Montreal CAN"]
[Date "2013.12.27"]
[Round "2"]
[White "Sambuev, Bator"]
[Black "Luksza, Arkadiusz"]
[Result "1-0"]
[WhiteElo "2588"]
[BlackElo "2147"]
[PlyCount "76"]
[GameId "2160767909208077"]
[EventDate "2013.12.26"]
[EventType "swiss"]
[EventRounds "5"]
[EventCountry "CAN"]
[SourceTitle "hb 2013"]

1. d4 Nf6 2. Nf3 e6 3. e3 c5 4. Bd3 d5 5. b3 Nc6 6. O-O Bd6 7. Bb2 O-O 8. a3 b6 9. Nbd2 Bb7 10. Ne5 Rc8 11. Qe2 Rc7 12. c4 Ne7 13. dxc5 bxc5 14. Rad1 Ng6 15. f4 Qe7 16. Ndf3 Ne4 17. Qc2 Rd8 18. Nxg6 hxg6 19. Bxe4 dxe4 20. Ng5 Rcd7 21. Rde1 Bc7 22. Nxe4 f5 23. Nf2 Rd2 24. Qc3 R8d3 25. Qxd3 Rxd3 26. Nxd3 Qd6 27. Rd1 Qc6 28. Rf2 g5 29. Ne5 Qe4 30. h4 Qxe3 31. hxg5 Qe4 32. g6 Kf8 33. Nd7+ Ke8 34. Nxc5 Qc6 35. Nxb7 Qxb7 36. Rf3 Qe4 37. Bxg7 Bxf4 38. Bf6 Bc7 1-0

[Event "Pere Noel"]
[Site "Montreal CAN"]
[Date "2013.12.27"]
[Round "2"]
[White "Singher, Jean-Pierre"]
[Black "Luo, Zhao Yang"]
[Result "1-0"]
[WhiteElo "1963"]
[BlackElo "2042"]
[PlyCount "87"]
[GameId "2160767909208078"]
[EventDate "2013.12.26"]
[EventType "swiss"]
[EventRounds "5"]
[EventCountry "CAN"]
[SourceTitle "hb 2013"]

1. d4 Nf6 2. Nf3 g6 3. g3 Bg7 4. Bg2 O-O 5. O-O d6 6. c3 c6 7. Nbd2 Qc7 8. a4 e5 9. Qc2 Be6 10. e4 Nbd7 11. Ng5 Kh8 12. Nxe6 fxe6 13. Nf3 Rae8 14. dxe5 Ng4 15. exd6 Qxd6 16. h3 Nge5 17. Nxe5 Nxe5 18. Rd1 Qe7 19. f4 Qc5+ 20. Qf2 Qc4 21. Be3 Qb3 22. Bd4 Rd8 23. Qe2 Nc4 24. e5 g5 25. Be4 Nb6 26. Qh5 h6 27. Qg6 Rf5 28. Bxf5 exf5 29. fxg5 hxg5 30. Qxg5 Rd5 31. Qh5+ Kg8 32. Qe8+ Kh7 33. Qf7 c5 34. e6 Rxd4 35. Rxd4 cxd4 36. Qh5+ Bh6 37. e7 Qxb2 38. Qxf5+ Kg7 39. Qf8+ Kh7 40. Qf7+ Bg7 41. Rf1 Qxc3 42. Qh5+ Bh6 43. Rf7+ Kg8 44. Qg6+ 1-0

[Event "Pere Noel"]
[Site "Montreal CAN"]
[Date "2013.12.27"]
[Round "2"]
[White "Voskanyan, Vahagn"]
[Black "Nunez, Omar"]
[Result "1-0"]
[WhiteElo "2215"]
[BlackElo "1945"]
[PlyCount "63"]
[GameId "2160767909208079"]
[EventDate "2013.12.26"]
[EventType "swiss"]
[EventRounds "5"]
[EventCountry "CAN"]
[SourceTitle "hb 2013"]

1. Nf3 Nf6 2. c4 g6 3. d4 Bg7 4. g3 O-O 5. Bg2 c5 6. O-O cxd4 7. Nxd4 Nc6 8. Nc2 d6 9. Nc3 Bd7 10. h3 Re8 11. Be3 b6 12. Qd2 Be6 13. b3 Qd7 14. Kh2 Red8 15. Rad1 Qe8 16. Nd4 Nxd4 17. Bxd4 d5 18. Nxd5 Bxd5 19. cxd5 Nxd5 20. Bxg7 Nc3 21. Qxd8 Rxd8 22. Rxd8 Qxd8 23. Bxc3 f6 24. Be4 Kf7 25. Bd3 Qd6 26. Rd1 Kf8 27. Bd2 Qc5 28. Be3 Qa3 29. Bc4 g5 30. Rd8+ Kg7 31. Rg8+ Kh6 32. h4 1-0

[Event "Pere Noel"]
[Site "Montreal CAN"]
[Date "2013.12.28"]
[Round "3"]
[White "Chang, Michael"]
[Black "Boudreau, Daniel"]
[Result "1-0"]
[WhiteElo "1792"]
[BlackElo "2056"]
[PlyCount "83"]
[GameId "2160767909208081"]
[EventDate "2013.12.26"]
[EventType "swiss"]
[EventRounds "5"]
[EventCountry "CAN"]
[SourceTitle "hb 2013"]

1. e4 c5 2. Nf3 e6 3. d4 cxd4 4. Nxd4 Nc6 5. Nc3 Qc7 6. Be2 a6 7. O-O Bb4 8. Na4 b5 9. a3 Bd6 10. Nxc6 dxc6 11. Nc3 Bxh2+ 12. Kh1 Bf4 13. Qd4 Be5 14. Qd3 c5 15. f4 Bd4 16. Be3 Bxe3 17. Qxe3 Ne7 18. Qg3 O-O 19. Qh4 Ng6 20. Qf2 f6 21. Bh5 Bb7 22. Bxg6 hxg6 23. Rae1 Rad8 24. Re3 Rd4 25. Rfe1 b4 26. axb4 cxb4 27. Ne2 Rxe4 28. Rxe4 Bxe4 29. Nd4 Bd5 30. Nxe6 Bxe6 31. Rxe6 a5 32. Re3 Rd8 33. c3 Rd1+ 34. Kh2 g5 35. Qf3 Rd2 36. Re8+ Kf7 37. Qh5+ g6 38. Qh7+ Kxe8 39. Qxc7 Rxb2 40. cxb4 axb4 41. fxg5 fxg5 42. Qe5+ 1-0

[Event "Pere Noel"]
[Site "Montreal CAN"]
[Date "2013.12.28"]
[Round "3"]
[White "Gueorguiev, Valentin"]
[Black "Nikulich, Oleksandr"]
[Result "1-0"]
[WhiteElo "1848"]
[BlackElo "2085"]
[PlyCount "105"]
[GameId "2160767909208082"]
[EventDate "2013.12.26"]
[EventType "swiss"]
[EventRounds "5"]
[EventCountry "CAN"]
[SourceTitle "hb 2013"]

1. c4 d6 2. g3 f5 3. Bg2 Nf6 4. Nc3 g6 5. Nf3 Bg7 6. O-O O-O 7. Rb1 e5 8. d3 Qe8 9. Qc2 h6 10. Nd5 Nxd5 11. cxd5 Qf7 12. b3 Na6 13. Nd2 f4 14. Ne4 Bg4 15. h3 Nb4 16. Qd2 Bxe2 17. Qxb4 Bxd3 18. Bd2 f3 19. Bh1 Bxb1 20. Rxb1 Qxd5 21. Qc4 Qxc4 22. bxc4 b6 23. Rb3 Rad8 24. Bxf3 Kh8 25. Rd3 Rb8 26. a4 a6 27. Nc3 Rf7 28. Bd5 Rff8 29. Bc6 Kh7 30. Nd5 Rf7 31. Be3 Rbf8 32. Ra3 a5 33. Ra2 Bf6 34. f4 exf4 35. Nxf4 Be5 36. Bd5 Bxf4 37. Bxf4 Re7 38. h4 Re1+ 39. Kf2 Re7 40. Kg2 Rfe8 41. Kf3 Rf8 42. Re2 Re5 43. Be4 Rc5 44. Bd3 Rf7 45. Re3 Rg7 46. g4 d5 47. h5 dxc4 48. hxg6+ Kh8 49. Bc2 h5 50. Be5 hxg4+ 51. Kxg4 Rxe5 52. Rxe5 c6 53. Kg5 1-0